Normal view
MARC view
- الدهراوي، كمال الدين مصطفى / م.مشارك: سمير كامل محمد عيسى، عبدالله عبد العظيم هلال
Entry Personal Name
001 - CONTROL NUMBER
- control field: 32137
003 - CONTROL NUMBER IDENTIFIER
- control field: JO-AjAnu
005 - DATE AND TIME OF LATEST TRANSACTION
- control field: 20230606075414.0
008 - FIXED-LENGTH DATA ELEMENTS
- fixed length control field: 230606|| aca||aabn | a|a d
040 ## - CATALOGING SOURCE
- Original cataloging agency: JO-AjAnu
- Transcribing agency: JO-AjAnu
100 ## - HEADING--PERSONAL NAME
- Personal name: الدهراوي، كمال الدين مصطفى / م.مشارك: سمير كامل محمد عيسى، عبدالله عبد العظيم هلال
670 ## - SOURCE DATA FOUND
- Source citation: Work cat.: (JO-AjAnu)16507: الدهراوي، كمال الدين مصطفى / م.مشارك: سمير كامل محمد عيسى، عبدالله عبد العظيم هلال, author, المحاسبة في شركات الاموال وفقا لمعايير المحاسبة المصرية والدولية